| 000 | 00788nam a2200265Ia 4500 | ||
|---|---|---|---|
| 003 | OSt | ||
| 005 | 20220928131347.0 | ||
| 006 | a|||||r|||| 00| 0 | ||
| 007 | ta | ||
| 008 | 220927b |||||||| |||| 00| 0 eng d | ||
| 020 | _c4573.7120000000004 | ||
| 024 | _a110806 | ||
| 037 |
_b058, 31/12/2010, Apple Books _cTextual |
||
| 040 |
_aSDCL _cSDCL _beng |
||
| 041 |
_2eng _aeng |
||
| 082 | _aE9G0aI, Q1 | ||
| 100 |
_aHeldt Hans-Walter _9477793 |
||
| 245 | 0 | _aPlant biochemistry. | |
| 260 |
_aAmsterdam _bElsevier _c2011 |
||
| 300 |
_axxiv,622p. _ccm. |
||
| 650 | _aPlant Molecular Biology | ||
| 700 |
_a Piechulla Birgit _9477794 |
||
| 942 |
_hE9G0aI, Q1 _cTEXL _2CC |
||
| 999 |
_c790299 _d790299 |
||